LEADER 00680nam a2200181 i 4500 001 000000252787 003 CaOOAMICUS 005 20170206000000.0 008 170206s1824 it u000 u ita u 013 $a231692 026 $anoel a.a- 2.ra (1Se (3) 1824 (A) 040 $aSeMil$bita 245 10$aTomo 2. 300 $a302, [2] p., [2] c. di tav. di cui 1 ripieg. :$bill. 773 0 $aVerri, Pietro <1728-1797>$tStoria di Milano del conte Pietro Verri. Tomo 1. [-4.].$dMilano : Presso gli Editori, 1824-1825$g2$w()28418 850 $aSeMil 852 $aSeMil$W1$xVenegono$y1$m3O IV 2 FA$j203133$B203133$CSeMilBibl$Z2$F215842 $8I 996 $6245$aTomo 2$9(OLS)http://semarc/title/49331 LEADER 01047nam a2200217 i 4500 001 000000075258 003 CaOOAMICUS 005 20110601000000.0 008 110601s1805 it u000 u ita u 013 $a46430 026 $arove ')a, o.no VeE' (3) 1805 (A) 040 $aSeMil$bita 245 10$aVol. 1. 300 $aXIX, [1], 400, [2] p., [1] carta di tav. :$bantip. calcogr. 490 0 $aEdizione delle opere classiche italiane 500 $aNell'antiporta ritratto dell'autore inciso da G. Benaglia. 773 0 $aOvidius Naso, Publius <43 a.C.-17 d.C.>$tMetamorfosi di Ovidio ridotte da Giovanni Andrea dell'Anguillara in ottava rima. Volume 1. [3.].$dMilano : Soc. Tip. de' Classici Italiani, contrada di S. Margherita, n.° 1118, 1805.$kEdizione delle opere classiche italiane$g1$w()25067 830 0$aEdizione delle opere classiche italiane.$0(OLS)http://semarc/title/33675 850 $aSeMil 852 $aSeMil$W1$xVenegono$y1$m1F I 23 FA$j41410$B41410$CSeMilBibl$Z2$F41414 $8I 996 $6245$aVol. 1$9(OLS)http://semarc/title/13429